000 00327nam a2200121 a 4500
005 20141022142009.0
008 120229s19uu xx 00 eng d
050 _aCD-ROM
_bG18 2006
100 _aGarguilo, Richard
245 _aSpecial education in contemporary society /
_cRichard Gargiulo.
260 _c2006.
942 _cAVM
999 _c276662
_d276662